Statistics for Geographic Names that end in NIA

Click here to take the quiz!

General Stats

  • This quiz has been taken 81 times
  • The average score is 10 of 16

Answer Stats

HintAnswer% Correct
______ and HerzegovinaBosnia
99%
Most populous U.S. stateCalifornia
92%
Homeland of Stoker's DraculaTransylvania
87%
Second largest Italian islandSardinia
86%
Its capital is BarcelonaCatalonia
84%
Australian stateTasmania
83%
Country in the CaucasusArmenia
79%
Country roads, take me home to the place I belongWest Virginia
79%
Sparsely populated region of Argentina and ChilePatagonia
78%
Smallest continentOceania
72%
French speaking region of BelgiumWallonia
61%
Other name for EthiopiaAbyssinia
46%
Latin name for IrelandHibernia
30%
Truck or part of SwedenScania
22%
Currency of UkraineHryvnia
21%
Largest of the Ionian islandsKefalonia
12%

Score Distribution

Percentile by Number Answered

Percent of People with Each Score

Your Score History

You have not taken this quiz